008470000a220012100045000010004000000410008000040820021000122450080000332600059001133000020001725050483001926500050006752530 aSPA04aR 261.91 D41312d10aDistintivos denominacionales - 1991 / Bedel Sangregorio Torres ...[et. al.] aMedellín, Colombia : Seminario Bíblico de Colombia a[pag. varía].00a- Asociación de Iglesias Evangélicas del Magdalena ASIEMAG, Bedel Sangregorio - Asociación de Iglesias Evangélicas Interamericanas de Colombia ASODIECO, Christina Leocadia Arango, Moisés Miranda - Confraternidad Cristiana de Colombia, Carlos A. González, Carlos A Bohorquez, Clara Peña de Bohorquez, Reynel A. Pineda, Manuel A. Sátiva, Yulamy E. Osorio, Luz Dary Cardona - Presbiteriana Cumberland, Mario E Gaviria - Evagélica Cuadrangular. Rodrigo Peñaranda14aIGLESIA - DENOMINACIONES \ IGLESIA - HISTORIA